01722nam a2200409Ia 4500001001200000003000800012006001900020007001500039008004100054010001700095020001800112020001800130020002700148040002100175035002100196050002300217082001600240100003000256245011600286260004200402300001700444504006400461533015200525650007000677650008300747650006400830650007100894650005700965650003901022650003001061650001901091650001301110655002901123710001701152856012601169999001701295ebr10224660CaPaEBRm u cr cn|||||||||971125s1998 enk sb 001 0 eng d z 97048708  z9780304707348 z9781847140968 z0304339997 (hardcover) aCaPaEBRcCaPaEBR a(OCoLC)29057213214aPR502b.H75 1998eb04a821.0092211 aHuisman, Rosemary,d1941-14aThe written poemh[electronic resource] :bsemiotic conventions from Old to modern English /cRosemary Huisman. aLondon ;aNew York :bCassell,c1998. aviii, 184 p. aIncludes bibliographical references (p. 167-177) and index. aElectronic reproduction.bPalo Alto, Calif. :cebrary,d2009.nAvailable via World Wide Web.nAccess may be limited to ebrary affiliated libraries. 0aEnglish poetryy20th centuryxHistory and criticismxTheory, etc. 0aEnglish poetryyOld English, ca. 450-1100xHistory and criticismxTheory, etc. 0aEnglish languageyOld English, ca. 450-1100xVersification. 0aCommonwealth poetry (English)xHistory and criticismxTheory, etc. 0aAmerican poetryxHistory and criticismxTheory, etc. 0aEnglish languagexWritten English. 0aSemiotics and literature. 0aLiterary form. 0aPoetics. 7aElectronic books.2local2 aebrary, Inc.40uhttp://site.ebrary.com/lib/rucke/Doc?id=10224660zAn electronic book accessible through the World Wide Web; click to view c40488d40488